[Event "Iberoamerican-ch 9th"]
[Site "Panama City"]
[Date "2023.11.30"]
[Round "7"]
[White "Sanchez Bermudez, Rogelio Oscar"]
[Black "Ibanez Zanetti, Sebastian Andres"]
[Result "1-0"]
[WhiteElo "1762"]
[BlackElo "1462"]
[PlyCount "30"]
[EventDate "2023.11.25"]
[EventType "swiss"]
[EventRounds "9"]
[EventCountry "PAN"]
[SourceTitle "CB49_2023"]
[SourceDate "2023.12.06"]
[SourceVersion "1"]
[SourceVersionDate "2023.12.06"]
[SourceQuality "1"]

1. b4 e5 2. Bb2 Nf6 3. a3 e4 4. c4 a5 5. b5 c5 6. Bxf6 Qxf6 7. Nc3 Qe6 8. e3 Be7 9. d4 exd3 10. Bxd3 0-0 11. Nf3 Bf6 12. Qc2 h6 13. Rd1 d6 14. 0-0 Nd7 15. Ne4 Be5 1-0

[Event "Iberoamerican-ch 9th"]
[Site "Panama City"]
[Date "2023.11.26"]
[Round "3"]
[White "Delgado Ortega, Aris Osvaldo"]
[Black "Ibanez Zanetti, Sebastian Andres"]
[Result "0-1"]
[WhiteElo "1822"]
[BlackElo "1462"]
[PlyCount "82"]
[EventDate "2023.11.25"]
[EventType "swiss"]
[EventRounds "9"]
[EventCountry "PAN"]
[SourceTitle "CB49_2023"]
[SourceDate "2023.12.06"]
[SourceVersion "1"]
[SourceVersionDate "2023.12.06"]
[SourceQuality "1"]

1. e4 c5 2. Nf3 d6 3. Bb5+ Nd7 4. c4 Ngf6 5. Nc3 e6 6. d3 Be7 7. Bf4 0-0 8. Rg1 a6 9. Ba4 e5 10. Bd2 Nb6 11. Bc2 Be6 12. Qe2 Qd7 13. h3 Ne8 14. g4 g6 15. 0-0-0 Nc8 16. Bh6 Ng7 17. Ng5 b5 18. h4 Nb6 19. Bb3 b4 20. Nd5 Bxd5 21. exd5 Bxg5+ 22. Bxg5 f5 23. f3 fxg4 24. fxg4 Rf7 25. h5 gxh5 26. gxh5 Kh8 27. Rdf1 Raf8 28. Rxf7 Qxf7 29. Bh6 Rg8 30. Rf1 Qe7 31. Qf3 a5 32. Bd1 Nd7 33. Ba4 Rf8 34. Bxd7 Rxf3 35. Rxf3 Kg8 36. Be6+ Nxe6 37. dxe6 a4 38. Rf7 Qe8 39. Rg7+ Kh8 40. Rd7 Kg8 41. Rxd6 Qe7 0-1

[Event "World ol U16"]
[Site "Nakhchivan"]
[Date "2022.10.06"]
[Round "5.14"]
[White "Ibanez Zanetti, Sebastian Andres"]
[Black "Imranli, Madina"]
[Result "1-0"]
[WhiteElo "1433"]
[BlackElo "1010"]
[PlyCount "87"]
[EventDate "2022.10.02"]
[EventType "team-swiss"]
[EventRounds "9"]
[EventCountry "AZE"]
[SourceTitle "CBM 210 Extra"]
[Source "ChessBase"]
[SourceDate "2022.11.30"]
[SourceVersion "1"]
[SourceVersionDate "2022.11.30"]
[SourceQuality "1"]
[WhiteTeam "Panama"]
[BlackTeam "Azerbaijan Sumgayit"]
[WhiteTeamCountry "PAN"]
[BlackTeamCountry "AZE"]

1. e4 c5 2. Nf3 e6 3. d4 cxd4 4. Nxd4 a6 5. c4 Qc7 6. Nc3 Nf6 7. Be2 Bb4 8. Qd3 b6 9. Bd2 Bb7 10. f3 d6 11. a3 Bc5 12. b4 Bxd4 13. Qxd4 Nc6 14. Qf2 Ne5 15. Na4 Rb8 16. Rc1 Bc6 17. b5 Bd7 18. Be3 axb5 19. cxb5 Qa7 20. Nxb6 Qa5+ 21. Kf1 Bxb5 22. Bxb5+ Qxb5+ 23. Qe2 Qa5 24. f4 Neg4 25. Nc4 Qa6 26. Bd2 Qc6 27. e5 dxe5 28. fxe5 Qd5 29. exf6 Nxf6 30. Qe5 Qd3+ 31. Qe2 Qf5+ 32. Qf3 Qb5 33. Bb4 Nd5 34. Kf2 Qd7 35. Nd6+ Kd8 36. Nxf7+ Ke8 37. Nxh8 Qa7+ 38. Bc5 Rb2+ 39. Kg1 Qa4 40. Qf8+ Kd7 41. Qd6+ Kc8 42. Qxe6+ Kb8 43. Qxd5 Qf4 44. Bd6+ 1-0